Vista normal
Vista MARC
Entrada Topical Term
Número de registros utilizados en: 1
001 - CONTROL NUMBER
- control field: 67032
003 - CONTROL NUMBER IDENTIFIER
- control field: OSt
005 - DATE AND TIME OF LATEST TRANSACTION
- control field: 20251110203322.0
008 - FIXED-LENGTH DATA ELEMENTS
- fixed length control field: 251110|| aca||aabn | a|a d
040 ## - CATALOGING SOURCE
- Original cataloging agency: OSt
- Transcribing agency: OSt
150 ## - HEADING--TOPICAL TERM
- Topical term or geographic name entry element: Muebles
- General subdivision: Mantenimiento y reparación
670 ## - SOURCE DATA FOUND
- Source citation: Work cat.: (OSt)59881: Lesur, Shanti aut drt 66824, Manual de retapizado de muebles :